| 000 | 00597nam a2200145 a 4500 | ||
|---|---|---|---|
| 001 | 000029213 | ||
| 005 | 20200930055412.0 | ||
| 008 | 110414s2008 dr ad 000 0 spa d | ||
| 040 |
_aDO-SdBNP _bspa _cBNPHU |
||
| 245 | 0 | 0 |
_aDR-CAFTA : _bun año despues resultados y perspectivas. |
| 260 |
_aSanto Domingo : _bSecretaría de Estado de Industria y Comercio, _c2008. |
||
| 300 |
_a33 p. : _bil., gráf. ; _c27 cm. |
||
| 500 | _aDiscurso pronunciado por el Lic. Melanio A. Paredes P. secretario de Estado de Industria y Comercio en el armuerzo mensual de la Cámara Americana de Comercio | ||
| 049 | _aBNPD | ||
| 999 |
_c28705 _d28705 |
||